000 01178nam a2200337 c 4500
003 BLK
005 20190129145521.0
008 180409b bul|||||r ||||||| ||bul||
010 _aKNG00118330000
020 _a954-516-129-9
_bиздат.: Littera - на том
040 _aBLK
041 _aDEU
_cDEU
080 _aНемски език (високонемски, стандартен писмен)
_b811.112.2
_x-5(075.4)
_z811.112.2-5(075.4)
100 1 _aHall, Karin
_eпърви автор
_9264815
700 1 _aScheiner, Barbara
_eсъавт.
_9264816
139 _aHall, Karin et al.
_bH 19
245 1 0 _aUbungsgrammatik fur Fortgeschrittene
_cKarin Hall; съавт. Barbara Scheiner.
_pLehrbuch
257 _aBGR
260 Plovdiv
_c1997
300 _c23 см
380 _a80
650 4 _aНемски език - граматика
_9244518
653 _aнемски език
653 _aграматика
760 1 _3- на том
_aHall, Karin
_dLittera
_h336 c.
_t Lehrbuch
852 _aЦб 194345
856 4 _qpdf
_u
856 4 _qpdf
_u
942 _cKNG
_n0
_02
944 _aCR
_c07.06.2007
_kТеодора_Стоянова
944 _aED
_c19.03.2015
_kТеодора_Стоянова
999 _c112946
_d112946